01532nam a2200373Ia 4500001001200000003000800012006001900020007001500039008004100054010001700095020001500112020001800127020002600145040002100171035002100192050002500213082002200238245014600260260005800406300005500464490004000519504004100559533015200600650005200752650004800804655002900852700002400881700002600905700002200931710001700953830004500970856012601015999001701141ebr10726715CaPaEBRm o u cr cn|||||||||071105s2007 dcuab sb 000 0 eng d z 2007045674 z0875904408 z9780875904405 z9781118672471 (ebook) aCaPaEBRcCaPaEBR a(OCoLC)77250457514aQE511.4bC657 2007eb04a551.1/360993722202aA continental plate boundaryh[electronic resource] :btectonics at South Island, New Zealand /cDavid Okaya, Tim Stern, Fred Davey, editors. aWashington, DC :bAmerican Geophysical Union,cc2007. aviii, 369 p. :bill. (some col.), maps (some col.)1 aGeophysical monograph series ;v175 aIncludes bibliographical references. aElectronic reproduction.bPalo Alto, Calif. :cebrary,d2013.nAvailable via World Wide Web.nAccess may be limited to ebrary affiliated libraries. 0aContinental marginszNew ZealandzSouth Island. 0aPlate tectonicszNew ZealandzSouth Island. 7aElectronic books.2local1 aDavey, Frederick J.1 aOkaya, David Akiharu.1 aStern, Timothy A.2 aebrary, Inc. 0aGeophysical monograph series ;vno. 175.40uhttp://site.ebrary.com/lib/rucke/Doc?id=10726715zAn electronic book accessible through the World Wide Web; click to view c38932d38932